书目信息 |
| 题名: |
苏联情报工作者的培训和进修
|
|
| 作者: | 戈里科娃 , Горьковаидр 编 ;王奇 译 | |
| 分册: | ||
| 出版信息: | 北京 中国社会科学出版社 1980 |
|
| 页数: | 117页 | |
| 开本: | 19cm | |
| 丛书名: | ||
| 单 册: | ||
| 中图分类: | G359.512.2 , G351 | |
| 科图分类: | ||
| 主题词: | 情报员--培训--苏联 | |
| 电子资源: | ||
| ISBN: | ||
| 000 | 01177nam0 2200313 45 | |
| 001 | 0180002560 | |
| 005 | 20040430143439.5 | |
| 010 | @dCNY0.39 | |
| 091 | @a7190.005 | |
| 100 | @a19950817d1980 em y0chiy0121 ea | |
| 101 | 1 | @achi@crus |
| 102 | @aCN@b110000 | |
| 105 | @ay z 000yy | |
| 106 | @ar | |
| 200 | 10 | @a苏联情报工作者的培训和进修@Asu lian qing bao gong zuo zhe de pei xun he jin xiu@e概述@f(苏)戈里科娃(В.И.Горькова)等编@g王奇译 |
| 210 | @a北京@c中国社会科学出版社@d1980 | |
| 215 | @a117页@d19cm | |
| 300 | @a国际科学技术情报中心 | |
| 300 | @a书名原文:Подготовка и повышение квалификации инфофмационых работниковвСССР | |
| 510 | 1 | @aПодготовка и повышение квалификации инфофмационых работниковвСССР @zrus |
| 606 | @a情报员@x培训@y苏联 | |
| 690 | @aG359.512.2@v3 | |
| 690 | @aG351 | |
| 701 | 1 | @a戈里科娃@Age li ke wa@bВ.И.@4编 |
| 701 | A1 | @aГорьковаидр@bВ.И.@4著 |
| 702 | 0 | @a王奇@Awang qi@4译 |
| 801 | 0 | @aCN@b上海图书馆@c20040430 |
| 801 | 2 | @aCN@bNLC@c20040430 |
| 905 | @f4@b41010-013@dG351@e2 | |
| 苏联情报工作者的培训和进修:概述/(苏)戈里科娃(В.И.Горькова)等编/王奇译.-北京:中国社会科学出版社,1980 |
| 117页;19cm |
| 国际科学技术情报中心.-书名原文:Подготовка и повышение квалификации инфофмационых работниковвСССР |
| ISBN :CNY0.39 |
| ● |
| 相关链接 |
|
|
|
|
正题名:苏联情报工作者的培训和进修
索取号:G351/2
 
预约/预借
| 序号 | 登录号 | 条形码 | 馆藏地/架位号 | 状态 | 备注 |
| 1 | 0041010 | 000985580 | 密集书库/ [索取号:G351/2] | 在馆 | |
| 2 | 0041011 | 000985571 | 密集书库/ [索取号:G351/2] | 在馆 | |
| 3 | 0041012 | 000985606 | 密集书库/ [索取号:G351/2] | 在馆 | |
| 4 | 0041013 | 000985535 | 密集书库/ [索取号:G351/2] | 在馆 | |
| 5 | 0041014 | 000985599 | 第一样本阅览室/ [索取号:G351/2] | 在馆 |